000 00897cam a22002775a 4500
001 2156732
005 20151210115157.0
008 990114s2000 enka frb 001 0 eng d
020 _a0415195713 (pbk.)
020 _a9780415195713
040 _aDLC
_cDLC
_dDLC
_dEG-ScBUE
_beng
082 0 4 _a333.7
_222
_bHUS
100 1 _aHussen, Ahmed M.
_938890
245 1 0 _aPrinciples of environmental economics :
_beconomics, ecology and public policy /
_cAhmed M. Hussen.
260 _aLondon ;
_aNew York :
_bRoutledge / Taylor & Francis,
_c2000.
300 _axxxi, 431 p. :
_bill. ;
_c26 cm.
500 _aIndex : p. 421-431.
504 _aIncludes bibliographical references.
541 _aBUE book fair.
650 0 _aEnvironmental economics.
_2BUEsh
650 0 _aEcology.
_2BUEsh
650 0 _aEnvironmental policy.
_2BUEsh
651 _2BUEsh
653 _bBUSECO
_cDecember2015
942 _2ddc
999 _c21104
_d21076